Does inerrancy matter? / (Record no. 5955)

MARC details
000 -LEADER
fixed length control field 00838cam a2200265 a 4500
001 - CONTROL NUMBER
control field 120331
003 - CONTROL NUMBER IDENTIFIER
control field GBCCL
005 - DATE AND TIME OF LATEST TRANSACTION
control field 20241126110553.0
008 - FIXED-LENGTH DATA ELEMENTS--GENERAL INFORMATION
fixed length control field 800311s1979 cau b 000 0 eng d
029 1# -
-- NLGGC
-- 189886870
035 ## - SYSTEM CONTROL NUMBER
System control number (OCoLC)ocm06068413
040 ## - CATALOGING SOURCE
Original cataloging agency IFB
Transcribing agency IFB
Modifying agency SDN
-- LBB
049 ## -
-- LBBK
-- LBBC
-- 1-2
082 ## - DEWEY DECIMAL CLASSIFICATION NUMBER
Classification number 220.13
Item number BOI
090 ## - LOCALLY ASSIGNED LC-TYPE CALL NUMBER (OCLC); LOCAL CALL NUMBER (RLIN)
Classification number (OCLC) (R) ; Classification number, CALL (RLIN) (NR) BS480
Local cutter number (OCLC) ; Book number/undivided call number, CALL (RLIN) .B55 1979
092 ## - LOCALLY ASSIGNED DEWEY CALL NUMBER (OCLC)
Classification number 220.1
Item number B67d
100 1# - MAIN ENTRY--PERSONAL NAME
Personal name Boice, James Montgomery
Dates associated with a name 1938-
9 (RLIN) 9420
245 10 - TITLE STATEMENT
Title Does inerrancy matter? /
Statement of responsibility, etc. James Montgomery Boice ; foreword by J.I. Packer.
260 ## - PUBLICATION, DISTRIBUTION, ETC.
Place of publication, distribution, etc. Oakland, Calif. :
Name of publisher, distributor, etc. International Council on Biblical Inerrancy,
Date of publication, distribution, etc. c1979.
300 ## - PHYSICAL DESCRIPTION
Extent 28 p. ;
Dimensions 22 cm.
440 ## - SERIES STATEMENT/ADDED ENTRY--TITLE
Title ICBI foundation
Volume/sequential designation 1
9 (RLIN) 10767
504 ## - BIBLIOGRAPHY, ETC. NOTE
Bibliography, etc. note Includes bibliographical references.
630 00 - SUBJECT ADDED ENTRY--UNIFORM TITLE
Uniform title Bible
General subdivision Evidences, authority, etc.
9 (RLIN) 351
942 ## - ADDED ENTRY ELEMENTS (KOHA)
Source of classification or shelving scheme Dewey Decimal Classification
Koha item type Books
Koha issues (borrowed), all copies 1
Holdings
Withdrawn status Lost status Source of classification or shelving scheme Damaged status Not for loan Home library Current Library Shelving location Date acquired Total checkouts Total renewals Full call number Barcode Date last seen Date last checked out Copy number Price effective from Koha item type
    Dewey Decimal Classification     GRACE BIBLE COLLEGE GRACE BIBLE COLLEGE Biblical Studies 2018-04-18 4 1 220.13 BOI 003633 2025-08-26 2025-08-19 c.1 2018-04-18 Books
© Grace Bible College Library 2025